Central Library OPAC University of Rajshahi

Cursor mundi : a northumbrian poem of the xiv th century in four versions / / (Record no. 68611)

MARC details
000 -LEADER
fixed length control field 00831nam a2200265 a 4500
001 - CONTROL NUMBER
control field 68611
003 - CONTROL NUMBER IDENTIFIER
rucl marc code BD-RjUL
005 - DATE AND TIME OF LATEST TRANSACTION
control field 20211209081806.0
008 - FIXED-LENGTH DATA ELEMENTS--GENERAL INFORMATION
fixed length control field 170404m1874 enka 000 0 eng d
035 ## - SYSTEM CONTROL NUMBER
System control number (BD-RjUL)68821
System control number (OCoLC)3929367
040 ## - CATALOGING SOURCE
Original cataloging agency DLC
Transcribing agency OCX
Modifying agency OCoLC
-- DLC
-- BD-RjUL
Language of cataloging eng
041 ## - LANGUAGE CODE
Language code of text/sound track or separate title eng
082 ## - DEWEY DECIMAL CLASSIFICATION NUMBER
Edition number 23
Classification number 821.1
Author mark and year RIC 1874
100 ## - MAIN ENTRY--PERSONAL NAME
Personal name Richard, Morris
9 (RLIN) 146272
245 10 - TITLE STATEMENT
Title Cursor mundi : a northumbrian poem of the xiv th century in four versions / /
Statement of responsibility, etc. edited by Morris Richard
260 ## - PUBLICATION, DISTRIBUTION, ETC. (IMPRINT)
Place of publication, distribution, etc. London :
Name of publisher, distributor, etc. Trübner & Co.,
Date of publication, distribution, etc. 1874
300 ## - PHYSICAL DESCRIPTION
Pagination v. ;
Size 23 cm.
490 ## - SERIES STATEMENT
Series statement early english text society ; 99
505 ## - FORMATTED CONTENTS NOTE
Formatted contents note includes Index
650 ## - SUBJECT ADDED ENTRY--TOPICAL TERM
Topical term or geographic name as entry element Early English Period
9 (RLIN) 203365
Topical term or geographic name as entry element English language--Middle English
9 (RLIN) 203365
942 ## - ADDED ENTRY ELEMENTS (KOHA)
Source of classification or shelving scheme Dewey Decimal Classification
Koha item type Books
Holdings
Lost status Source of classification or shelving scheme Damaged status Not for loan Collection code Permanent Location Current Location Shelving location Date acquired Source of acquisition Cost, normal purchase price Total Checkouts Full call number Date last seen Copy number Koha item type
  Dewey Decimal Classification   Not For Loan Non-fiction Central Library, University of Rajshahi Central Library, University of Rajshahi Reading Room 13/11/1956 Blackwell 18.00   RA 821.1 RIC 1874 04/04/2017 C-1 Books